[Event "CCT Play-in Chessable Masters 2024"]
[Site "Online"]
[Date "2024.01.31"]
[Round "6"]
[White "BrandonJacobson"]
[Black "Mishra, Abhimanyu"]
[Result "0-1"]
[WhiteElo "2433"]
[BlackElo "2627"]
[Annotator "RC"]
[PlyCount "122"]
[EventDate "2024.01.26"]
[EventType "swiss"]
[EventCountry "NET"]
[SourceTitle "playchess.com"]
[Source "ChessBase"]
[SourceQuality "1"]

1. d4 d5 2. c4 c6 3. Nf3 Nf6 4. e3 e6 5. Bd3 dxc4 6. Bxc4 Nbd7 7. O-O Bd6 8. Re1 O-O 9. e4 e5 10. h3 Qc7 11. dxe5 Nxe5 12. Nxe5 Bxe5 13. Nd2 Re8 14. Qc2 Be6 15. Bf1 Bh2+ 16. Kh1 Bf4 17. Nf3 h6 18. Bxf4 Qxf4 19. e5 Nd5 20. Re4 Bf5 21. Rxf4 Bxc2 22. Rd4 Rad8 23. Rc1 Bf5 24. Rcd1 Rd7 25. Bc4 Be6 26. Nd2 Bf5 27. g4 Nb6 28. Rxd7 Bxd7 29. f4 h5 30. gxh5 Bxh3 31. Bb3 Bg4 32. Rg1 Bxh5 33. Rg5 Rd8 34. Nf1 Bd1 35. Ne3 Bxb3 36. axb3 Nd5 37. Nf5 g6 38. Rg4 Nxf4 39. Nh6+ Kg7 40. Rxf4 Kxh6 41. Rxf7 b5 42. Rxa7 Re8 43. Rc7 Re6 44. Kg2 Kg5 45. Kf3 Kf5 46. Rd7 Kxe5 47. Kg4 Rd6 48. Rc7 Kd5 49. Kf4 Kc5 50. Re7 Kb4 51. Re3 Rd2 52. Re4+ Kxb3 53. Re6 Rc2 54. Rxg6 Kxb2 55. Ke3 b4 56. Kd3 c5 57. Rg8 c4+ 58. Kd4 b3 59. Rc8 c3 60. Kd3 Rd2+ 61. Ke3 Rd7 0-1

[Event "CCT Play-in Chessable Masters 2024"]
[Site "Online"]
[Date "2024.01.31"]
[Round "6"]
[White "Matinian, Nikita"]
[Black "Demidov, Mikhail"]
[Result "0-1"]
[WhiteElo "2418"]
[BlackElo "2546"]
[Annotator "RC"]
[PlyCount "106"]
[EventDate "2024.01.26"]
[EventType "swiss"]
[EventCountry "NET"]
[SourceTitle "playchess.com"]
[Source "ChessBase"]
[SourceQuality "1"]

1. e4 g6 2. d4 Bg7 3. Nc3 d6 4. Be3 a6 5. g4 b5 6. Bg2 Bb7 7. h4 Nd7 8. h5 c5 9. h6 Bxd4 10. Bxd4 cxd4 11. Qxd4 f6 12. O-O-O Qb6 13. Qxb6 Nxb6 14. Nge2 Rd8 15. f4 e5 16. g5 fxg5 17. fxg5 Ne7 18. Nd5 Bxd5 19. exd5 Rf8 20. Ng3 Rf4 21. Rd3 Nf5 22. Ne4 Ke7 23. Nf6 Nd7 24. Ra3 Nxf6 25. gxf6+ Kxf6 26. Rxa6 Rc8 27. Rc6 Ra8 28. Kb1 g5 29. a3 g4 30. Rb6 Kg5 31. Rxb5 Ne3 32. Rg1 Kxh6 33. Rb7 Kg6 34. Rd7 Ra6 35. Bh1 h5 36. Re1 h4 37. Rxe3 Rf1+ 38. Ka2 Rxh1 39. Rd8 g3 40. Rg8+ Kf5 41. Rf8+ Kg4 42. Re4+ Kh3 43. Rh8 Kg2 44. Rexh4 Rxh4 45. Rxh4 Kf2 46. Rh6 g2 47. Rf6+ Kg1 48. c4 e4 49. c5 e3 50. Rxd6 e2 51. Rxa6 e1=Q 52. c6 Qc1 53. d6 Qc4+ 0-1

[Event "CCT Play-in Chessable Masters 2024"]
[Site "Online"]
[Date "2024.01.31"]
[Round "6"]
[White "kpio91"]
[Black "Ohanyan, Emin"]
[Result "1-0"]
[WhiteElo "2400"]
[BlackElo "2456"]
[Annotator "NA"]
[PlyCount "73"]
[EventDate "2024.01.26"]
[EventType "swiss"]
[EventCountry "NET"]
[SourceTitle "playchess.com"]
[Source "ChessBase"]
[SourceQuality "1"]

1. e4 c5 2. c3 d5 3. exd5 Qxd5 4. d4 Nf6 5. Nf3 e6 6. Na3 a6 7. Nc4 Nbd7 8. Be2 b5 9. Nfd2 Ra7 10. Ne3 Qd6 11. a4 cxd4 12. cxd4 Qxd4 13. Qc2 Bb7 14. Bf3 Qb6 15. axb5 Qxb5 16. Bxb7 Qxb7 17. O-O Be7 18. Ndc4 Qc7 19. Bd2 O-O 20. Rfc1 Rc8 21. Ba5 Qb8 22. Bc3 Rac7 23. Qe2 Qb7 24. Rd1 Ne4 25. Ba5 Rc5 26. Be1 Ndf6 27. f3 Rxc4 28. Nxc4 Nc5 29. Nd6 Bxd6 30. Rxd6 Nb3 31. Qxa6 Qc7 32. Rad1 Nd5 33. Bg3 Nc5 34. Qb5 Qa7 35. Kh1 Na4 36. Ra6 Qe3 37. Qxa4 1-0

[Event "CCT Play-in Chessable Masters 2024"]
[Site "Online"]
[Date "2024.01.31"]
[Round "6"]
[White "Elsa167"]
[Black "Sattarov, Bobir"]
[Result "0-1"]
[WhiteElo "2356"]
[BlackElo "2351"]
[Annotator "NA"]
[PlyCount "126"]
[EventDate "2024.01.26"]
[EventType "swiss"]
[EventCountry "NET"]
[SourceTitle "playchess.com"]
[Source "ChessBase"]
[SourceQuality "1"]

1. d4 Nf6 2. c4 g6 3. Nc3 Bg7 4. e4 d6 5. h3 O-O 6. Be3 Re8 7. Bd3 Nc6 8. Nge2 e5 9. d5 Nb4 10. Bb1 c5 11. g4 h5 12. f3 Nh7 13. Qd2 Bd7 14. a3 Na6 15. Bd3 Nc7 16. Kd1 h4 17. g5 Bf8 18. Kc2 Be7 19. Rag1 b5 20. cxb5 Qb8 21. f4 exf4 22. Nxf4 Bxb5 23. Rf1 Bf8 24. Rf2 Bg7 25. Rhf1 Re7 26. Bxc5 Bxd3+ 27. Qxd3 dxc5 28. d6 Rd7 29. dxc7 Qxc7 30. Nfd5 Qe5 31. Qb5 Rad8 32. Nf6+ Bxf6 33. gxf6 Ng5 34. Qe2 Nxh3 35. Rh2 Rd3 36. Nd5 c4 37. Ne7+ Kf8 38. Nc6 Rd2+ 39. Qxd2 Qxe4+ 40. Kc1 Rxd2 41. Rxd2 Kg8 42. Ne7+ Kh7 43. Rh2 Qe3+ 44. Rd2 Nf4 45. Rh1 g5 46. Nf5 Qe4 47. Ng3 Qf3 48. Rd7 Qxg3 49. Rhd1 Kg6 50. a4 Nd3+ 51. Kc2 Qg2+ 52. Rd2 Qc6 53. Rd4 Qxa4+ 54. Kb1 Qb3 55. Rc2 Nb4 56. Rcxc4 Qa2+ 57. Kc1 Qa1+ 58. Kd2 Qxb2+ 59. Kd1 Nc2 60. Rxc2 Qxd4+ 61. Kc1 h3 62. Kb1 h2 63. Rxh2 Qg1+ 0-1

[Event "CCT Play-in Chessable Masters 2024"]
[Site "Online"]
[Date "2024.01.31"]
[Round "6"]
[White "yobdc"]
[Black "adotand"]
[Result "0-1"]
[WhiteElo "2318"]
[BlackElo "2440"]
[Annotator "RC"]
[PlyCount "134"]
[EventDate "2024.01.26"]
[EventType "swiss"]
[EventCountry "NET"]
[SourceTitle "playchess.com"]
[Source "ChessBase"]
[SourceQuality "1"]

1. c4 Nf6 2. Nc3 g6 3. e4 d6 4. d4 Bg7 5. Nf3 O-O 6. Be2 Bg4 7. Be3 Nfd7 8. Rc1 e5 9. d5 Bxf3 10. Bxf3 a5 11. h4 h5 12. g4 hxg4 13. Bxg4 f5 14. Bf3 Nf6 15. Bg5 Qe8 16. Qc2 Na6 17. Bxf6 Rxf6 18. h5 Nc5 19. hxg6 Qxg6 20. exf5 Qxf5 21. Be4 Qf4 22. Rd1 Raf8 23. Rd2 Rh6 24. Rg1 Rh4 25. Re2 Rf6 26. Re3 Rg4 27. Rxg4 Qxg4 28. Rg3 Qh4 29. Qe2 Rf4 30. Re3 Bh6 31. Rg3+ Bg7 32. Re3 Bf6 33. Rg3+ Kf7 34. Re3 Ke7 35. b3 Bg5 36. Bc2 Rd4 37. Rg3 Qh1+ 38. Qf1 Bd2+ 39. Ke2 Qh5+ 40. f3 Bxc3 41. Qg1 Rd2+ 42. Kf1 e4 43. Rg7+ Bxg7 44. Qxg7+ Kd8 45. Qg8+ Kd7 46. Qg7+ Ke8 47. Qg8+ Ke7 48. Qg7+ Qf7 49. Qg5+ Qf6 50. Qxd2 Qxf3+ 51. Qf2 Qc3 52. Kg1 e3 53. Qh4+ Qf6 54. Qh7+ Qf7 55. Qh4+ Ke8 56. Qh8+ Kd7 57. Qh3+ Kd8 58. Qh8+ Qe8 59. Qh4+ Kc8 60. Bf5+ Kb8 61. Kf1 Qe5 62. Bg4 Qf4+ 63. Ke2 Ka7 64. Qh3 Qd4 65. Bf5 Qd2+ 66. Kf3 Qf2+ 67. Kg4 e2 0-1

[Event "CCT Play-in Chessable Masters 2024"]
[Site "Online"]
[Date "2024.01.31"]
[Round "6"]
[White "Janosik, Gyorgy"]
[Black "Sankalp Gupta"]
[Result "1-0"]
[WhiteElo "2235"]
[BlackElo "2535"]
[Annotator "RC"]
[PlyCount "71"]
[EventDate "2024.01.26"]
[EventType "swiss"]
[EventCountry "NET"]
[SourceTitle "playchess.com"]
[Source "ChessBase"]
[SourceQuality "1"]

1. d4 Nf6 2. c4 g6 3. g3 Bg7 4. Bg2 O-O 5. Nc3 d6 6. Nf3 c5 7. O-O Nc6 8. h3 cxd4 9. Nxd4 Bd7 10. Nc2 Qc8 11. h4 Bh3 12. b3 Bxg2 13. Kxg2 Ne4 14. Nxe4 Bxa1 15. Nxa1 a5 16. Nc3 Rd8 17. Nc2 Nb4 18. Nxb4 axb4 19. Nd5 Re8 20. Nxb4 b5 21. cxb5 Qc5 22. Qd2 Qxb5 23. Bb2 Reb8 24. a3 f6 25. Rc1 Rb7 26. f3 Qf5 27. e4 Qe6 28. Rc4 Kf7 29. Qh6 Kg8 30. Qe3 Kf7 31. Nd5 Rab8 32. b4 Kg8 33. a4 Rc8 34. Qc3 Rbb8 35. Rxc8+ Rxc8 36. Qxc8+ 1-0

[Event "CCT Play-in Chessable Masters 2024"]
[Site "Online"]
[Date "2024.01.31"]
[Round "6"]
[White "Mileo, Miguelito"]
[Black "Matlakov, Maxim"]
[Result "0-1"]
[WhiteElo "1721"]
[BlackElo "2662"]
[Annotator "TA"]
[PlyCount "70"]
[EventDate "2024.01.26"]
[EventType "swiss"]
[EventCountry "NET"]
[SourceTitle "playchess.com"]
[Source "ChessBase"]
[SourceQuality "1"]

1. e4 e5 2. Nf3 Nc6 3. Bc4 Nf6 4. d3 Bc5 5. h3 d6 6. c3 a5 7. Nbd2 O-O 8. a4 Be6 9. Bxe6 fxe6 10. O-O Nh5 11. d4 exd4 12. cxd4 Ba7 13. Nb3 Nf4 14. g3 Ng6 15. Kg2 h6 16. Be3 Qf6 17. Rc1 Bb6 18. Rc3 Nb4 19. Qe2 Rf7 20. Nbd2 Raf8 21. Qb5 d5 22. e5 Qd8 23. Qe2 Ne7 24. Nh4 g5 25. Qg4 Nf5 26. Ng6 Re8 27. h4 Rg7 28. h5 Qd7 29. f4 c5 30. fxg5 cxd4 31. gxh6 dxc3 32. Bxb6 d4 33. Rxf5 exf5 34. Qg5 cxd2 35. hxg7 d1=Q 0-1

[Event "CCT Play-in Chessable Masters 2024"]
[Site "Online"]
[Date "2024.01.31"]
[Round "6"]
[White "Sethu Madhav Upadhyayula"]
[Black "LastGladiator1"]
[Result "1-0"]
[WhiteElo "1502"]
[BlackElo "2630"]
[Annotator "RC"]
[PlyCount "77"]
[EventDate "2024.01.26"]
[EventType "swiss"]
[EventCountry "NET"]
[SourceTitle "playchess.com"]
[Source "ChessBase"]
[SourceQuality "1"]

1. e4 e5 2. Nf3 Nc6 3. Bc4 Nf6 4. d3 Bc5 5. c3 d6 6. Bg5 h6 7. Bh4 g5 8. Bg3 Bb6 9. a4 Qe7 10. Nbd2 a6 11. b4 h5 12. h4 g4 13. Nh2 Be6 14. a5 Ba7 15. Qb3 O-O 16. Nhf1 Rad8 17. Bd5 Bc8 18. Ne3 Bxe3 19. fxe3 Nxd5 20. exd5 Nb8 21. O-O c6 22. Ne4 f6 23. c4 Kg7 24. Rac1 Kg6 25. c5 cxd5 26. Nxd6 Be6 27. b5 d4 28. Qb1 dxe3 29. d4+ Kh6 30. dxe5 fxe5 31. Qe4 axb5 32. Qxe3+ Kh7 33. Qe4+ Kh6 34. Bxe5 Rxf1+ 35. Rxf1 Rf8 36. Rxf8 Qxf8 37. Bf4+ Kg7 38. Qxe6 Qxf4 39. Nf5+ 1-0

[Event "CCT Play-in Chessable Masters 2024"]
[Site "Online"]
[Date "2024.01.31"]
[Round "7"]
[White "Firouzja, Alireza"]
[Black "shimastream"]
[Result "1-0"]
[WhiteElo "2759"]
[BlackElo "2633"]
[Annotator "TA"]
[PlyCount "137"]
[EventDate "2024.01.26"]
[EventType "swiss"]
[EventCountry "NET"]
[SourceTitle "playchess.com"]
[Source "ChessBase"]
[SourceQuality "1"]

1. e4 e6 2. d4 d5 3. Nc3 Nf6 4. e5 Nfd7 5. f4 c5 6. Nf3 Nc6 7. Be3 Be7 8. a3 b6 9. Bb5 Bb7 10. O-O g6 11. Qe1 a6 12. Bxc6 Bxc6 13. Rd1 Qc7 14. Bf2 b5 15. dxc5 Nxc5 16. Bh4 Bxh4 17. Qxh4 Qe7 18. Qf2 Ne4 19. Nxe4 dxe4 20. Nd4 Bb7 21. Nb3 Rc8 22. Rd6 Qc7 23. c3 O-O 24. Qb6 Qe7 25. Nc5 Ba8 26. Rfd1 Qh4 27. Nd7 Qxf4 28. Qf2 Qg5 29. h4 Qe7 30. Nxf8 Qxf8 31. Qf6 Bd5 32. Rd7 e3 33. Re1 Bc6 34. Rd6 Qh6 35. Rd8+ Rxd8 36. Qxd8+ Kg7 37. Qg5 Qxg5 38. hxg5 h6 39. gxh6+ Kxh6 40. Rxe3 Kg5 41. Rh3 Kf5 42. Rh7 Kxe5 43. Rxf7 a5 44. Kf2 a4 45. g3 Bd5 46. Ke3 Bc4 47. Rf4 Bd5 48. Rf8 Bc4 49. Rc8 Kf5 50. Rc5+ Kg4 51. Kf2 Bd3 52. Re5 Bc4 53. Re4+ Kf5 54. Rf4+ Ke5 55. Ke3 Bd5 56. g4 g5 57. Rf8 Bb3 58. Rc8 Bc4 59. Rc5+ Kf6 60. Rxc4 bxc4 61. Kd4 Ke7 62. Kxc4 Kd6 63. b4 axb3 64. Kxb3 Kc5 65. Kc2 Kc4 66. a4 e5 67. Kd2 Kc5 68. Kd3 Kd5 69. a5 1-0

[Event "CCT Play-in Chessable Masters 2024"]
[Site "Online"]
[Date "2024.01.31"]
[Round "7"]
[White "So, Wesley"]
[Black "Martinez Alcantara, Jose Eduardo"]
[Result "1/2-1/2"]
[WhiteElo "2757"]
[BlackElo "2610"]
[Annotator "ChessBase"]
[PlyCount "54"]
[EventDate "2024.01.26"]
[EventType "swiss"]
[EventCountry "NET"]
[SourceTitle "playchess.com"]
[Source "ChessBase"]
[SourceQuality "1"]

1. d4 Nf6 2. c4 e6 3. Nc3 Bb4 4. Qc2 d6 5. Bd2 c5 6. a3 Bxc3 7. Bxc3 cxd4 8. Bxd4 e5 9. Bc3 Qc7 10. Rc1 O-O 11. e3 b6 12. Nf3 Bb7 13. Be2 Nbd7 14. O-O Ne4 15. Rfd1 Nxc3 16. Qxc3 Nf6 17. Nd2 Rac8 18. Bf3 Rfd8 19. Bxb7 Qxb7 20. Qb3 h6 21. Nb1 d5 22. cxd5 Rxc1 23. Rxc1 Rxd5 24. Nc3 Rd2 25. Nb1 Rd5 26. Nc3 Rd2 27. Nb1 Rd5 1/2-1/2

[Event "CCT Play-in Chessable Masters 2024"]
[Site "Online"]
[Date "2024.01.31"]
[Round "7"]
[White "Dominguez Perez, Leinier"]
[Black "Bortnyk, Oleksandr"]
[Result "0-1"]
[WhiteElo "2752"]
[BlackElo "2631"]
[Annotator "RC"]
[PlyCount "174"]
[EventDate "2024.01.26"]
[EventType "swiss"]
[EventCountry "NET"]
[SourceTitle "playchess.com"]
[Source "ChessBase"]
[SourceQuality "1"]

1. e4 Nf6 2. e5 Nd5 3. d4 d6 4. Nf3 dxe5 5. Nxe5 c6 6. Be2 Bf5 7. O-O Nd7 8. Nf3 e6 9. c4 N5f6 10. Nc3 Bd6 11. Nh4 Bg6 12. g3 O-O 13. Nxg6 hxg6 14. Qb3 e5 15. dxe5 Bxe5 16. Be3 Qc7 17. Rad1 Rfe8 18. Kg2 Re7 19. Bf3 Rae8 20. c5 Qa5 21. Na4 Bb8 22. Bd2 Qa6 23. Rfe1 Rxe1 24. Rxe1 Rxe1 25. Bxe1 Ne5 26. Bd1 Nd3 27. Bd2 Ne4 28. Be3 Qb5 29. f3 Qxb3 30. axb3 Nf6 31. Be2 Nb4 32. f4 Kf8 33. Nc3 Bc7 34. Kf3 Nc2 35. Bf2 Ba5 36. Ne4 Nxe4 37. Kxe4 Bd8 38. Bd1 Nb4 39. Bd4 f5+ 40. Ke3 Be7 41. Be2 Nc2+ 42. Kd3 Nxd4 43. Kxd4 Bf6+ 44. Kc4 Bxb2 45. h4 Ke7 46. h5 Kf6 47. hxg6 Kxg6 48. g4 Kf6 49. b4 a6 50. Kd3 Bc1 51. gxf5 Kxf5 52. Bh5 Bxf4 53. Be8 Ke6 54. Bh5 Kd7 55. Bg4+ Kc7 56. Kc4 Bg3 57. Bf5 Be1 58. Bg4 b6 59. cxb6+ Kxb6 60. Bf3 Bf2 61. Bg4 c5 62. bxc5+ Bxc5 63. Bd1 a5 64. Bc2 Bb4 65. Ba4 g5 66. Bd1 Kc6 67. Kd4 Kb5 68. Be2+ Ka4 69. Kc4 Ka3 70. Bd1 Kb2 71. Kd3 Bd6 72. Kd2 Bc7 73. Kd3 Bf4 74. Ke4 Kc3 75. Kf3 Kb4 76. Ke4 a4 77. Kd3 a3 78. Kc2 Bd6 79. Bg4 Kc4 80. Be6+ Kd4 81. Kd2 Ke4 82. Ke2 Kf4 83. Kf2 g4 84. Bd5 g3+ 85. Kg2 Ke3 86. Be6 Kd2 87. Kh3 Kc2 0-1

[Event "CCT Play-in Chessable Masters 2024"]
[Site "Online"]
[Date "2024.01.31"]
[Round "7"]
[White "Keymer, Vincent"]
[Black "kpio91"]
[Result "1-0"]
[WhiteElo "2743"]
[BlackElo "2410"]
[Annotator "NA"]
[PlyCount "101"]
[EventDate "2024.01.26"]
[EventType "swiss"]
[EventCountry "NET"]
[SourceTitle "playchess.com"]
[Source "ChessBase"]
[SourceQuality "1"]

1. Nf3 Nf6 2. c4 g6 3. Nc3 Bg7 4. g3 O-O 5. Bg2 d6 6. d4 Bf5 7. Qb3 Nc6 8. Qxb7 Na5 9. Qb5 c5 10. Qa4 Bd7 11. Qd1 Nxc4 12. dxc5 dxc5 13. O-O Rb8 14. Qc2 Qa5 15. Nd2 Nd6 16. Re1 Be6 17. e4 Ng4 18. Nf3 Bd4 19. Nd1 Ne5 20. Bd2 Nxf3+ 21. Bxf3 Qa6 22. Bc3 Rfc8 23. Ne3 Nb5 24. Be2 Qc6 25. Bxb5 Rxb5 26. Nd5 Qb7 27. Rad1 Bxc3 28. bxc3 Rb2 29. Rb1 Rb8 30. Rxb2 Qxb2 31. Qa4 Qd2 32. Rd1 Qe2 33. Nf4 Qc4 34. Qxa7 Re8 35. Nxe6 Qxe6 36. Qxc5 Qxe4 37. a3 h5 38. h4 Ra8 39. Qb4 Qe2 40. Rd4 Rc8 41. Re4 Qd1+ 42. Kg2 e6 43. Rd4 Qc2 44. c4 e5 45. Rd5 Qe4+ 46. Kh2 Rxc4 47. Rd8+ Kg7 48. Qf8+ Kf6 49. Rd6+ Kf5 50. Qxf7+ Kg4 51. Rxg6+ 1-0

[Event "CCT Play-in Chessable Masters 2024"]
[Site "Online"]
[Date "2024.01.31"]
[Round "7"]
[White "Grischuk, Alexander"]
[Black "Smirnov, Pavel"]
[Result "1-0"]
[WhiteElo "2732"]
[BlackElo "2526"]
[Annotator "RC"]
[PlyCount "215"]
[EventDate "2024.01.26"]
[EventType "swiss"]
[EventCountry "NET"]
[SourceTitle "playchess.com"]
[Source "ChessBase"]
[SourceQuality "1"]

1. d4 Nf6 2. Bf4 d5 3. Nf3 Bf5 4. c4 e6 5. Qb3 dxc4 6. Qxb7 Be4 7. Qxc7 Qxc7 8. Bxc7 Bb4+ 9. Kd1 Nd5 10. Bg3 f5 11. e3 f4 12. exf4 Bxf3+ 13. gxf3 Nc6 14. f5 Nxd4 15. fxe6 Rd8 16. Bxc4 Nb6 17. Bd3 Nxe6 18. Ke2 O-O 19. Rd1 Nd4+ 20. Kf1 Nxf3 21. Nc3 Bc5 22. Ne4 Bd4 23. Rab1 h5 24. h4 Be5 25. Kg2 Bxg3 26. Kxg3 Ne5 27. Be2 g6 28. Rxd8 Rxd8 29. Rd1 Rxd1 30. Bxd1 Nd3 31. b3 Kg7 32. Bc2 Nb4 33. Bb1 N4d5 34. a3 a5 35. Bd3 Nd7 36. Bc4 N5b6 37. Bb5 Ne5 38. Kf4 Nf7 39. Bc4 Nd8 40. a4 Nc6 41. Ke3 Ne5 42. Nd2 Kf6 43. f4 Nc6 44. Ne4+ Ke7 45. Bb5 Nd5+ 46. Kd3 Ncb4+ 47. Kd4 Nxf4 48. Kc5 Ng2 49. Kb6 Nxh4 50. Kxa5 Nd5 51. Bc6 Nc7 52. Kb6 Kd8 53. a5 Nf5 54. a6 Nd4 55. Ba4 Nxa6 56. Kxa6 Nxb3 57. Bxb3 Ke7 58. Kb5 h4 59. Kc5 h3 60. Bd1 h2 61. Bf3 Ke6 62. Kd4 Kf5 63. Ke3 g5 64. Ng3+ Ke5 65. Nf1 g4 66. Bg2 g3 67. Nxg3 Kf6 68. Bh1 Ke5 69. Nf1 Kf5 70. Nxh2 Ke5 71. Be4 Ke6 72. Nf3 Kf6 73. Kf4 Ke6 74. Ne5 Kd6 75. Bf5 Kd5 76. Bg6 Kd4 77. Be4 Kc5 78. Nf3 Kc4 79. Ke5 Kc5 80. Bd5 Kb4 81. Kd4 Kb5 82. Ne5 Kb4 83. Bc4 Ka3 84. Kc3 Ka4 85. Nc6 Ka3 86. Bb5 Ka2 87. Nd4 Ka3 88. Nc2+ Ka2 89. Bc4+ Kb1 90. Bd5 Kc1 91. Ba2 Kd1 92. Nd4 Ke1 93. Kd3 Kf2 94. Ne2 Kf3 95. Be6 Kf2 96. Bd5 Ke1 97. Ke3 Kf1 98. Nf4 Ke1 99. Bb3 Kf1 100. Ba4 Ke1 101. Ng2+ Kf1 102. Kf3 Kg1 103. Kg3 Kf1 104. Bb5+ Kg1 105. Nf4 Kh1 106. Bc4 Kg1 107. Nh3+ Kh1 108. Bd5# 1-0

[Event "CCT Play-in Chessable Masters 2024"]
[Site "Online"]
[Date "2024.01.31"]
[Round "7"]
[White "Le, Quang Liem"]
[Black "Bachmann, Axel"]
[Result "1/2-1/2"]
[WhiteElo "2731"]
[BlackElo "2578"]
[Annotator "TA"]
[PlyCount "83"]
[EventDate "2024.01.26"]
[EventType "swiss"]
[EventCountry "NET"]
[SourceTitle "playchess.com"]
[Source "ChessBase"]
[SourceQuality "1"]

1. c4 Nf6 2. Nc3 e5 3. g3 Bb4 4. Bg2 Bxc3 5. bxc3 O-O 6. d3 c6 7. Nf3 Re8 8. O-O d5 9. cxd5 cxd5 10. Qc2 Nc6 11. c4 Bg4 12. Bb2 Rc8 13. Rfd1 Qe7 14. h3 Bh5 15. Rac1 e4 16. dxe4 dxe4 17. Nd4 Bg6 18. Nxc6 Rxc6 19. e3 Nd7 20. Rd4 Ne5 21. Qa4 Ra6 22. Qb3 Nd3 23. Rc2 h5 24. Rd5 Qb4 25. Bc3 Qxb3 26. axb3 Rb6 27. Ra5 Rxb3 28. Rxa7 Rc8 29. Bd4 Rb1+ 30. Kh2 b5 31. Rb7 b4 32. c5 b3 33. Rc4 b2 34. Ra4 Nxc5 35. Bxc5 Rxc5 36. Bxe4 Bxe4 37. Rxe4 Rcc1 38. Kg2 Rh1 39. Rb8+ Kh7 40. Rxb2 Rhg1+ 41. Kh2 Rh1+ 42. Kg2 1/2-1/2

[Event "CCT Play-in Chessable Masters 2024"]
[Site "Online"]
[Date "2024.01.31"]
[Round "7"]
[White "HansOnTwitch"]
[Black "KantorGergely"]
[Result "1-0"]
[WhiteElo "2698"]
[BlackElo "2535"]
[Annotator "TA"]
[PlyCount "131"]
[EventDate "2024.01.26"]
[EventType "swiss"]
[EventCountry "NET"]
[SourceTitle "playchess.com"]
[Source "ChessBase"]
[SourceQuality "1"]

1. e4 e5 2. Nf3 Nc6 3. Bc4 Nf6 4. d3 Bc5 5. O-O O-O 6. h3 d6 7. c3 a5 8. Re1 Ba7 9. Bb3 h6 10. Nbd2 Be6 11. Ba4 Qb8 12. Bb5 Bc5 13. Nf1 Qa7 14. Re2 a4 15. Ng3 Qa5 16. Bxc6 bxc6 17. Rc2 Bb6 18. Bd2 Qa6 19. Qe2 Kh7 20. c4 Ng8 21. Nh4 g6 22. Kh2 Bd4 23. Rb1 Rab8 24. Nf3 Bc5 25. b4 axb3 26. axb3 Bb4 27. d4 Bxd2 28. Qxd2 f6 29. Ra2 Qb6 30. c5 Qb4 31. Qxb4 Rxb4 32. Ra6 Ne7 33. Ra7 dxc5 34. Rxc7 Rf7 35. dxe5 f5 36. exf5 gxf5 37. Ra1 f4 38. Nh5 Kg6 39. Nf6 Rxb3 40. Raa7 Nf5 41. Rxf7 Bxf7 42. Rc7 Rxf3 43. gxf3 Nd4 44. Kg2 c4 45. Ne4 Bd5 46. Nc3 Bxf3+ 47. Kf1 Kf5 48. Ke1 Kxe5 49. Re7+ Kf5 50. Rh7 h5 51. Rf7+ Ke5 52. Rg7 Kf5 53. h4 Bg4 54. Rg5+ Ke6 55. Rc5 Nf3+ 56. Kf1 Kd6 57. Ne4+ Kc7 58. Rxc4 Nxh4 59. Nf6 Ng6 60. Rc5 Kb8 61. Rxc6 Bf3 62. Nd7+ Kb7 63. Rxg6 h4 64. Ne5 Be4 65. Rh6 Kc7 66. Rxh4 1-0

[Event "CCT Play-in Chessable Masters 2024"]
[Site "Online"]
[Date "2024.01.31"]
[Round "7"]
[White "Sjugirov, Sanan"]
[Black "Genghis_K"]
[Result "1-0"]
[WhiteElo "2695"]
[BlackElo "2516"]
[Annotator "TA"]
[PlyCount "65"]
[EventDate "2024.01.26"]
[EventType "swiss"]
[EventCountry "NET"]
[SourceTitle "playchess.com"]
[Source "ChessBase"]
[SourceQuality "1"]

1. Nf3 Nf6 2. c4 e6 3. g3 d5 4. Bg2 d4 5. d3 Nc6 6. O-O Bc5 7. Nbd2 a5 8. Nb3 Be7 9. e3 dxe3 10. Bxe3 a4 11. Nbd4 Bd7 12. Nb5 e5 13. h3 O-O 14. Re1 Bf5 15. d4 exd4 16. Nfxd4 Nxd4 17. Nxd4 Be4 18. Bxe4 Nxe4 19. Qf3 Nc5 20. Nf5 Ne6 21. Rad1 Qe8 22. Bd4 Bb4 23. Qg4 h5 24. Qxh5 Bxe1 25. Bxg7 f6 26. Qh8+ Kf7 27. Bxf8 Bb4 28. Qh7+ Kxf8 29. Rd7 Qxd7 30. Qxd7 Re8 31. h4 a3 32. bxa3 Bxa3 33. h5 1-0

[Event "CCT Play-in Chessable Masters 2024"]
[Site "Online"]
[Date "2024.01.31"]
[Round "7"]
[White "Deac, Bogdan-Daniel"]
[Black "Nemegejas"]
[Result "0-1"]
[WhiteElo "2690"]
[BlackElo "2209"]
[Annotator "RC"]
[PlyCount "160"]
[EventDate "2024.01.26"]
[EventType "swiss"]
[EventCountry "NET"]
[SourceTitle "playchess.com"]
[Source "ChessBase"]
[SourceQuality "1"]

1. d4 Nf6 2. Nf3 d5 3. c4 e6 4. Nc3 c6 5. cxd5 exd5 6. Bf4 Bd6 7. Bxd6 Qxd6 8. e3 Bf5 9. Qb3 Nbd7 10. Nh4 Be6 11. Qc2 O-O 12. Bd3 c5 13. dxc5 Nxc5 14. O-O Qb6 15. Nf3 Rac8 16. Rfb1 Nfe4 17. Nd4 Rfe8 18. a4 a6 19. a5 Qd6 20. Rd1 Qe5 21. Be2 Nd7 22. Qb3 Nxc3 23. bxc3 Qc7 24. Rdb1 Nc5 25. Qb4 Re7 26. Ra3 Ne4 27. Rbb3 Rd7 28. h3 Qe5 29. Ra1 Rdc7 30. Rc1 Qf6 31. f3 Nd2 32. Rb2 Qe5 33. Kf2 Nc4 34. Bxc4 dxc4 35. Re2 Bd7 36. e4 h6 37. Ke1 Qg5 38. Rd1 Be8 39. Kf1 Qe5 40. Kg1 Rd8 41. Red2 Rcd7 42. Qa3 Qg5 43. Qb4 h5 44. Qa3 h4 45. Re2 Qe5 46. Qb4 g6 47. Rb1 Rc7 48. Qb6 Rdc8 49. Reb2 Qf4 50. Re2 Qg5 51. Rd1 Re7 52. Rde1 Qe5 53. Rf2 Rc5 54. f4 Qc7 55. Qxc7 Rexc7 56. Ra2 g5 57. f5 Re7 58. Nf3 f6 59. Kf2 Bc6 60. Nd2 Kf7 61. Re3 Rd7 62. Ke2 Re5 63. Ra1 Bb5 64. Rb1 Ke7 65. Ra1 Kd8 66. Ra2 Bc6 67. Ra1 Kc7 68. Ra2 Rde7 69. Kf2 Bxe4 70. Nxe4 Rxe4 71. Rxe4 Rxe4 72. Ra4 Rf4+ 73. Ke3 Rxf5 74. Rxc4+ Kd6 75. Rd4+ Rd5 76. Rb4 Rb5 77. Rd4+ Kc6 78. Rd8 Rxa5 79. Rf8 Rf5 80. Ke4 Rf4+ 0-1

[Event "CCT Play-in Chessable Masters 2024"]
[Site "Online"]
[Date "2024.01.31"]
[Round "7"]
[White "KuzubovYuriy"]
[Black "BilodeauA"]
[Result "1-0"]
[WhiteElo "2690"]
[BlackElo "2593"]
[Annotator "TA"]
[PlyCount "83"]
[EventDate "2024.01.26"]
[EventType "swiss"]
[EventCountry "NET"]
[SourceTitle "playchess.com"]
[Source "ChessBase"]
[SourceQuality "1"]

1. d4 d5 2. c4 dxc4 3. Nf3 a6 4. e3 Bg4 5. Bxc4 e6 6. h3 Bh5 7. Qb3 Bxf3 8. gxf3 Ra7 9. Nd2 Nf6 10. Be2 Nbd7 11. Qc2 Be7 12. a3 O-O 13. b4 c6 14. Nc4 Nb6 15. Na5 g6 16. h4 Nh5 17. f4 Ng7 18. h5 Bf6 19. Bb2 Nd5 20. hxg6 fxg6 21. Nb3 b6 22. Nd2 c5 23. bxc5 bxc5 24. Ne4 cxd4 25. Nxf6+ Nxf6 26. Bxd4 Rc7 27. Qb3 Qa8 28. O-O Nd5 29. Rac1 Rb7 30. Qa4 Nf5 31. Be5 Rb6 32. Bf3 Nh4 33. Be4 Qd8 34. Rfd1 g5 35. Bc7 Qf6 36. Bxb6 gxf4 37. Rxd5 Qg7+ 38. Kf1 f3 39. Bxh7+ Qxh7 40. Qg4+ Ng6 41. Rh5 Qf7 42. Bd4 1-0

[Event "CCT Play-in Chessable Masters 2024"]
[Site "Online"]
[Date "2024.01.31"]
[Round "7"]
[White "Predke, Alexandr"]
[Black "Dreev, Aleksey"]
[Result "1/2-1/2"]
[WhiteElo "2668"]
[BlackElo "2606"]
[Annotator "RC"]
[PlyCount "94"]
[EventDate "2024.01.26"]
[EventType "swiss"]
[EventCountry "NET"]
[SourceTitle "playchess.com"]
[Source "ChessBase"]
[SourceQuality "1"]

1. e4 c6 2. d4 d5 3. e5 c5 4. Nf3 cxd4 5. Qxd4 Nc6 6. Qf4 g6 7. Nc3 Bg7 8. Bd3 d4 9. Nb5 a6 10. Nbxd4 Nxd4 11. Nxd4 Qa5+ 12. Bd2 Qxe5+ 13. Qxe5 Bxe5 14. Bc3 Nf6 15. Ne2 Bxc3+ 16. Nxc3 Bf5 17. Bxf5 gxf5 18. O-O-O Rd8 19. a4 e6 20. Rxd8+ Kxd8 21. Rd1+ Kc7 22. Rd4 Rg8 23. g3 Ng4 24. Nd1 h5 25. h3 Nf6 26. Nc3 b6 27. Kd2 Kc6 28. Rc4+ Kd6 29. Ke3 e5 30. b4 Nd5+ 31. Nxd5 Kxd5 32. Rc7 h4 33. gxh4 f4+ 34. Kf3 f6 35. c4+ Ke6 36. Ke4 f5+ 37. Kf3 Rd8 38. Rc6+ Kf7 39. Rxb6 Rd3+ 40. Ke2 e4 41. h5 f3+ 42. Ke1 f4 43. Rb7+ Ke6 44. Rb6+ Ke7 45. Rb7+ Ke6 46. Rb6+ Ke7 47. Rb7+ Ke6 1/2-1/2